000 00509cam a2200193ua 4500
005 20230121141639.0
008 200212n ii |||gr||||Z||||||eng
020 _a9789382056836
040 _cMAIN
_aIN-DiNC
082 _a370.15
_bALI
100 _aAli, Lokman
_eauthor
245 _aPsychological foundations of education
_cBy Lokman Ali
250 _a1st ed.
260 _aDibrugarh:
_bBanalata,
_c2019.
300 _a280p.
653 _aEducation
653 _aEducational psychology
942 _cBK
_2ddc
999 _c10839
_d10839